000 00696nam a2200229Ia 4500
003 OSt
005 20260318113630.0
008 210210b1950 xxu||||| |||| 00| 0 eng d
040 _cAL
041 _aHindi
082 _a864/25
100 _aDvivedi (Hazri Prasad)
_dद्विवेदी (हजारी प्रसाद)
_9258830
245 _aHindi sahitya ki bhumika
_b हिंदी साहित्य की भूमिका
260 _aBambai
_bHindi Granth Ratnakar
_c1950
650 _asahitya
_9258831
650 _aki
_9258832
650 _aHindi
_9258833
650 _abhUmika
_9258834
690 _aHindi Criticism
_9258835
906 _a023562
942 _2ddc
_cBK
999 _c148532
_d148532